• 首页
  • 本馆介绍
  • 公告通知
  • 最新文献
  • 馆藏检索
  • 电子资源
  • 读者导购
  • 参考咨询
  • 我的图书馆
  • 登录
  • 详细信息显示
  • 放入我的书架
  • 预约/预借图书
  • 作者相关作品
  • 分类相关作品
  • 丛书相关作品
  • 出版社相关作品

书目信息

  • 表格格式
  • 工作单格式
  • 卡片格式
题名:
音乐治疗
    
 
作者: 帕夫利切维奇 著 ;苏琳 译
分册:  
出版信息: 北京   世界图书出版公司  2006
页数: 13,230页
开本: 24cm
丛书名: 现代心理疗法
单 册:
中图分类: R454.3
科图分类:
主题词: 音乐疗法
电子资源:
ISBN: 978-7-5062-7989-5
000 01223oam2 2200289 450
001 1557879648
005 20150128160505.09
010    @a978-7-5062-7989-5@dCNY25.00
100    @a20060618d2006 em y0chiy0110 ea
101 1  @achi@ceng
102    @aCN@b110000
105    @ay z 000yy
200 1  @a音乐治疗@9Yin Le Zhi Liao@e理论与实践@ELi Lun Yu Shi Jian@dMusic therapy in context@f(英)梅塞德斯·帕夫利切维奇(Mercedes Pavlicevic)著@F( Ying ) Mei Sai De Si· Pa Fu Li Qie Wei Qi (Mercedes Pavlicevic) Zhu@g苏琳译@zeng
210    @a北京@c世界图书出版公司@d2006
215    @a13,230页@d24cm
225 2  @a现代心理疗法
300    @a中国心理学会推荐图书
300    @a并列题名:Music therapy in context
330    @a本书从美学、哲学、医学、心理学、人类学、心理治疗学、音乐学、音乐心理学、语言学和神经心理学等不同的学科角度来分析,理解和探讨音乐治疗学的很多重要领域和学术观念,并用大量实例来注解和说明。。
461  0 @12001 @a现代心理疗法
510 1  @aMusic therapy in context@zeng
606 0  @a音乐疗法
690    @aR454.3@v5
701  1 @c(英)@a帕夫利切维奇@9Pa Fu Li Qie Wei Qi@c(女,Pavlicevic, Mercedes)@4著
702  0 @a苏琳@9Su Lin@c(翻译)@4译
801  0 @aCN@bTSSF@c20150128
905    @aZUCC@dR454.3@eJY1
    
    音乐治疗:理论与实践=Music therapy in context/(英)梅塞德斯·帕夫利切维奇(Mercedes Pavlicevic)著/苏琳译.-北京:世界图书出版公司,2006
    13,230页;24cm.-(现代心理疗法)
    中国心理学会推荐图书.-并列题名:Music therapy in context
    
    ISBN 978-7-5062-7989-5:CNY25.00
    本书从美学、哲学、医学、心理学、人类学、心理治疗学、音乐学、音乐心理学、语言学和神经心理学等不同的学科角度来分析,理解和探讨音乐治疗学的很多重要领域和学术观念,并用大量实例来注解和说明。。
●
相关链接 在E读中查询图书 在五车中查询图书 在当当中查询图书 在豆瓣中查询图书


正题名:音乐治疗     索取号:R454.3/JY1         预约/预借

序号 登录号 条形码 馆藏地/架位号 状态 备注
1 7844504   278445041   学院路分馆/ [索取号:R454.3/JY1] 在馆    
唐山师范学院图书馆 欢迎您!
大连网信软件有限公司© 版权所有